Creativity unleashed : (رقم التسجيلة. 31629)

تفاصيل مارك
000 -الفاتح
حقل البيانات ثابتة الطول 01512cam a22003978a 4500
001 - رقم الضبط
رقم الضبط 16749344
003 - محدد رقم الضبط
رقم الضبط OSt
005 - وقت وتاريخ اخر تعامل مع التسجيلة
رقم الضبط 20150408114146.0
008 - عناصر البيانات ثابتة الطول - معلومات عامة
حقل البيانات ثابتة الطول 110425s2012 enk b 000 0 eng
010 ## - رقم ضبط مكتبة الكونجرس
رقم ضبط مكتبة الكونجرس 2011016546
020 ## - الرقم الدولى المعيارى للكتب
الرقم الدولى المعيارى للكتاب 9781849058650 (alk. paper)
035 ## - رقم ضبط النظام
رقم ضبط النظام (DNLM)101559437
040 ## - مصدر الفهرسة
وكالة الفهرسة الأصلية DNLM/DLC
وكالة النسخ DLC
042 ## - رمز التحقق
رمز التحقق pcc
050 00 - رقم طلب مكتبة الكونجرس
رقم التصنيف RJ505.A7
رقم المادة J65 2012
060 10 - رقم الطلب بالمكتبة الطبية الوطنية
رقم التصنيف WM 450
082 00 - رقم تصنيف ديوى العشرى
رقم التصنيف 618.92891656
رقم الطبعة 23
رقم المادة JLB
100 1# - المدخل الرئيسى - إسم شخصى
الإسم الشخصى Joiner, Lindsey,
التواريخ المصاحبة للاسم 1982-
9 (RLIN) 38731
245 10 - بيان العنوان
العنوان Creativity unleashed :
بقية العنوان therapeutic activities and character education ideas for working with children and teens /
بيان المسئوليه,etc Lindsey Joiner.
260 ## - PUBLICATION, DISTRIBUTION, ETC. (IMPRINT)
مكان الناشر او الموزع London :
اسم الناشر او الموزع Jessica Kingsley Publishers,
تاريخ النشر أو التوزيع 2012.
263 ## - تاريخ النشر المتوقع
تاريخ النشر المتوقع 1110
300 ## - الوصف المادى
التعداد p. ;
أبعاد الوعاء cm.
504 ## - تبصرة ببليوجرافية
تبصرة ببليوجرافية,الخ Includes bibliographical references.
505 0# - تبصرة محتويات-الفهرس
تبصرة المحتويات المصاغة Opening activities : warm ups, icebreakers and other brief activities -- Bibliotherapy and cinematherapy activities -- Therapeutic arts activities -- Month-by-month character education calendar -- Therapeutic day camp activities and day program ideas.
650 #0 - المدخل الاضافى بالموضوع-مصطلح موضوعى
مصطلح موضوعي أو اسم جغرافي كعنصر مدخل Art therapy for children.
9 (RLIN) 38504
650 #0 - المدخل الاضافى بالموضوع-مصطلح موضوعى
مصطلح موضوعي أو اسم جغرافي كعنصر مدخل Child psychotherapy.
9 (RLIN) 38732
650 12 - المدخل الاضافى بالموضوع-مصطلح موضوعى
مصطلح موضوعي أو اسم جغرافي كعنصر مدخل Psychotherapy
التقسيم الفرعي العام methods.
9 (RLIN) 5360
650 12 - المدخل الاضافى بالموضوع-مصطلح موضوعى
مصطلح موضوعي أو اسم جغرافي كعنصر مدخل Sensory Art Therapies.
9 (RLIN) 18274
650 22 - المدخل الاضافى بالموضوع-مصطلح موضوعى
مصطلح موضوعي أو اسم جغرافي كعنصر مدخل Adolescent.
650 22 - المدخل الاضافى بالموضوع-مصطلح موضوعى
مصطلح موضوعي أو اسم جغرافي كعنصر مدخل Child.
650 22 - المدخل الاضافى بالموضوع-مصطلح موضوعى
مصطلح موضوعي أو اسم جغرافي كعنصر مدخل Creativeness.
9 (RLIN) 38733
906 ## - عنصر بيانات محلى F, LDF (RLIN)
a 7
b cbc
c orignew
d 1
e ecip
f 20
g y-gencatlg
942 ## - عناصر المدخل الإضافي( كوها)
مصدر التصنيف او مخطط الترفيف Dewey Decimal Classification
Koha [default] item type كتاب
المقتنيات
حالة الفقد نموذج السعر الفعال حالة تلف ليس للاعارة رقم الطلب تاريخ الاكتساب الموقع الحالي الباركود الفرع الرئيسي Date last seen نوع المادة فى نظام كوها مصدر التصنيف او خطة الترفيف Total Checkouts
  2013-10-31     618.92891656 JLB 2013-10-31 المكتبة المركزية بالمجمعة (CL) 00403075 المكتبة المركزية بالمجمعة (CL) 2013-10-31 كتاب Dewey Decimal Classification  
  2013-10-31     618.92891656 JLB 2013-10-31 المكتبة المركزية بالمجمعة (CL) 00403076 المكتبة المركزية بالمجمعة (CL) 2013-10-31 كتاب Dewey Decimal Classification  
  2013-10-31     618.92891656 JLB 2013-10-31 المكتبة المركزية بالمجمعة (CL) 00403077 المكتبة المركزية بالمجمعة (CL) 2013-10-31 كتاب Dewey Decimal Classification  
  2013-10-31     618.92891656 JLB 2013-10-31 مكتبة مجمع الكليات بالزلفى - طلاب (SZM) 00403078 مكتبة مجمع الكليات بالزلفى - طلاب (SZM) 2013-10-31 كتاب Dewey Decimal Classification  
  2013-10-31     618.92891656 JLB 2013-10-31 مكتبة مجمع الكليات بالزلفى - طلاب (SZM) 00403079 مكتبة مجمع الكليات بالزلفى - طلاب (SZM) 2013-10-31 كتاب Dewey Decimal Classification